| 000 | 01221cam a2200277 4500 | ||
|---|---|---|---|
| 001 | ABS64268 | ||
| 008 | 010725n2001 000 0 eng u | ||
| 035 | _a(Sirsi) u113746 | ||
| 100 | _aSmith, K. | ||
| 245 | _aNotes of caution | ||
| 260 | _c2001 | ||
| 490 |
_aProperty Week _v66(27) 6 July 2001, 40-42(3) |
||
| 520 | _aConsiders the implications for the property industry if the UK adopts the single currency. The results of a Property Week email poll reveal that 60% of readers would vote 'no' in a referendum, compared to a MORI poll in June showing 25% supporting EMU entry and 55% against. Discusses what the implications would be for the commercial property market if stamp duty were raised; how the manufacturing industry would benefit from the UK joining the single currency and outlines the views of Helical Bar and Land Securities directors'. | ||
| 590 | _aABS | ||
| 650 | _aSTAMP DUTY | ||
| 650 | _aMANUFACTURING INDUSTRY | ||
| 650 | _aECONOMIC CONVERGENCE | ||
| 650 | _aSINGLE CURRENCY | ||
| 650 | _aEMU | ||
| 650 | _aPROPERTY-COMMERCIAL PROPERTY-COMMERCIAL PROPERTY MARKET | ||
| 650 | _aFUTURE | ||
| 650 | _aOPINION POLL | ||
| 650 | _aMONETARY UNION | ||
| 690 | _aEUROPE | ||
| 942 | _n0 | ||
| 999 |
_c67770 _d67770 |
||